|
|
|
|
| LEADER |
00000nam0a2200000 4500 |
| 001 |
325558 |
| 005 |
20231102003756.0 |
| 035 |
|
|
|a (RuTPU)RU\TPU\book\351172
|
| 090 |
|
|
|a 325558
|
| 100 |
|
|
|a 20161207d1908 m y0rusy50 ca
|
| 101 |
0 |
|
|a rus
|
| 102 |
|
|
|a RU
|
| 105 |
|
|
|a a z 000zy
|
| 200 |
1 |
|
|a Координаты. Введение
|f Н. Глебов
|
| 210 |
|
|
|a Санкт-Петербург
|d 1908
|
| 215 |
|
|
|a 110 с.
|c схема
|
| 606 |
1 |
|
|a Познание
|x Философия
|2 stltpush
|3 (RuTPU)RU\TPU\subj\49977
|9 68737
|
| 606 |
1 |
|
|a Когнитивная психология
|2 stltpush
|3 (RuTPU)RU\TPU\subj\14609
|9 40973
|
| 610 |
1 |
|
|a мышление
|
| 610 |
1 |
|
|a самонаблюдение
|
| 610 |
1 |
|
|a отвлечение
|
| 610 |
1 |
|
|a гносеология
|
| 610 |
1 |
|
|a знание
|
| 610 |
1 |
|
|a научная методология
|
| 610 |
1 |
|
|a история науки
|
| 610 |
1 |
|
|a науковедение
|
| 686 |
|
|
|a Ю22
|v LBC/SL-A
|2 rubbk
|
| 686 |
|
|
|a Ю935.1
|v LBC/SL-A
|2 rubbk
|
| 700 |
|
1 |
|a Глебов
|b Н.
|
| 801 |
|
1 |
|a RU
|b 63413507
|c 20161207
|
| 801 |
|
2 |
|a RU
|b 63413507
|c 20161208
|g RCR
|
| 942 |
|
|
|c BK
|